<?xml version="1.0" encoding="UTF-8"?>
<marc:record xmlns:marc="http://www.loc.gov/MARC21/slim">
   <marc:leader>00000nam a2200000 a 4500</marc:leader>
   <marc:datafield ind1="1" ind2=" " tag="100">
      <marc:subfield code="a">Moseley, Kirsty</marc:subfield>
      <marc:subfield code="4">aut</marc:subfield>
      <marc:subfield code="e">Verfasser/-in</marc:subfield>
   </marc:datafield>
   <marc:datafield ind1="1" ind2=" " tag="100">
      <marc:subfield code="a">Meyer, Christiane</marc:subfield>
   </marc:datafield>
   <marc:datafield ind1="0" ind2="0" tag="245">
      <marc:subfield code="a">Fighting to be free - nie so geliebt</marc:subfield>
   </marc:datafield>
   <marc:datafield ind1="0" ind2="0" tag="245">
      <marc:subfield code="b">Roman</marc:subfield>
   </marc:datafield>
   <marc:datafield ind1="0" ind2="0" tag="245">
      <marc:subfield code="c">Kirsty Moseley</marc:subfield>
   </marc:datafield>
   <marc:datafield ind1=" " ind2="1" tag="264">
      <marc:subfield code="a">Hamburg</marc:subfield>
      <marc:subfield code="b">MIRA Taschenbuch in der HarperCollins Germany GmbH</marc:subfield>
      <marc:subfield code="c">2017</marc:subfield>
   </marc:datafield>
   <marc:datafield ind1="1" ind2=" " tag="520">
      <marc:subfield code="a">Angaben aus der Verlagsmeldung

Fighting to be Free - Nie so geliebt Fighting To Be Free / von Kirsty Moseley

Noch nie hat Ellie eine solche Nacht erlebt: Dieser Fremde mit der sexy Stimme weiß genau, wie er sie berühren muss, um sie in den Wahnsinn zu treiben! Mit Jamie will sie Dinge tun, die sie nie für möglich gehalten hätte. Dass er aus einer anderen Welt kommt, spürt sie deutlich unter ihren Händen: an den Narben auf seinem Körper. Instinktiv weiß sie, dass sie ihm vertrauen kann. Und obwohl Ellie sich nicht verlieben will, kann sie nicht verhindern, dass ihr Herz für Jamie schlägt. Bis sie erfährt, dass er ihr Entsetzliches verschwiegen hat …

"Du wirst lachen, laut seufzen, dich vielleicht sogar aufregen … und bestimmt weinen. Sei drauf gefasst".

Leserstimme auf goodreads

"Wann kommt die Fortsetzung??? Ich kann nicht mehr länger warten."

Leserstimme auf Wattpad

"Diese Geschichte ist so anders als die anderen Geschichten, die ich bisher gelesen habe -- und das ist großartig! Ich liebe "Fighting to be Free"

Leserstimme auf Wattpad

"Er ist ein echter Beschützer. Ich will auch einen Jamie".

Leserstimme auf Wattpad
</marc:subfield>
   </marc:datafield>
   <marc:datafield ind1=" " ind2=" " tag="020">
      <marc:subfield code="a">9783956496806</marc:subfield>
      <marc:subfield code="9">9783956496806</marc:subfield>
   </marc:datafield>
   <marc:datafield ind1=" " ind2=" " tag="020">
      <marc:subfield code="a">3956496809</marc:subfield>
      <marc:subfield code="9">3956496809</marc:subfield>
   </marc:datafield>
   <marc:datafield ind1=" " ind2=" " tag="300">
      <marc:subfield code="a">523 S.</marc:subfield>
   </marc:datafield>
</marc:record>
